Fontána pre Zuzanu 2

Hlavní autor: Habera, Pavol, 1962-
Další autoři: Patejdl, Vašo, 1954-2023, Filan, Boris, 1949-, Bílá, Lucie, 1966-
Jazyk: Slovenština
Vydáno: [Starý Jičín] : Tommü Records, p2008
Edice: Nejprodávanější alba
Témata:
Fyzický popis: 1 zvuková deska (56:23) : digital ; 21 cm
Zvukové nahrávky
Uloženo v:
LEADER 01991njm a2200457 a 4500
001 001082682
003 CZ BrMZK
005 20100202102911.0
007 sd fsngnnmmned
008 100115p20081993xr mpn g slo d
024 3 |a 8594060013855 
028 0 1 |a 610049-2331  |b Tommü Records 
040 |a BOA001  |b cze 
048 |b vu  |a od 
072 7 |a 784  |x Vokální hudba  |2 Konspekt  |9 9 
080 |a 784.4  |2 MRF 
080 |a 78:791.636  |2 MRF 
080 |a (086.76)  |2 MRF 
100 1 |a Habera, Pavol,  |d 1962-  |7 jn20000700652  |4 cmp  |4 sng  |4 itr 
245 1 0 |a Fontána pre Zuzanu 2  |h [zvukový záznam] hudba z filmu Dušana Rapoša : originální nahrávky 
260 |a [Starý Jičín] :  |b Tommü Records,  |c p2008 
300 |a 1 zvuková deska (56:23) :  |b digital ;  |c 21 cm 
306 |a 005623 
490 1 |a Nejprodávanější alba 
500 |a Kompaktní deska 
500 |a Původní fonogram p1993 Tommü Records 
500 |a Hudba Pavol Habera a Vašo Patejdl, texty Boris Filan 
505 0 0 |t Niekto ma musí mať rád --  |t Mama Kami --  |t Posledná jazda --  |t Boh vie --  |t To sa na mňa podobá --  |t Lovesong --  |t Láska šialená --  |t Chlap z kríža --  |t Sťahovaví vtáci --  |t Pomník šibnutým --  |t Teraz alebo nikdy --  |t Odkial' a kam --  |t Niekto ma musí mať rád (radio mix) 
511 0 |a Pavol Habera, zpěv ; Lucie Bílá, zpěv a další 
518 |a Nahráno v Relax recording studiu v Bratislavě, leden - duben 1993 
650 0 7 |a populární písně  |7 ph124354  |y 1991-2000  |2 czenas 
650 0 7 |a filmová hudba  |7 ph120185  |2 czenas 
655 7 |a kompaktní desky  |7 fd201991  |2 czenas 
700 1 |a Patejdl, Vašo,  |d 1954-2023  |7 xx0015218  |4 cmp 
700 1 |a Filan, Boris,  |d 1949-  |7 jn20000601566  |4 lyr 
700 1 |a Bílá, Lucie,  |d 1966-  |7 jn19990209056  |4 sng 
830 0 |a Nejprodávanější alba 
910 |a BOA001  |b CDR2-1236.061 
990 |a AV 
991 |b 201002 
996 6 |b 2610406065  |c CDR2-1236.061  |l MZK  |r Sklad / do 24 hodin  |n 0  |p p.v.  |w 001105038  |u 000010  |a 1  |e BOA001  |j MZK50  |s P